00303nam a22001097a 4500008004100000020001500041082001500056100002100071245005300092260003200145300001600177230602b xxu||||| |||| 00| 0 eng d a9966251065 a923.2bKAR cGG Kariukid2001 aIllusion of PowerbFifty Years in Kenya Politics aNairobibkenway Pubications axviii,158 p